Star Wars or Star Trek? Quiz Stats

 Plays Quiz Updated May 12, 2012

Challenge
Share
Tweet
Embed
Score 0/20 Timer 03:00
5 Plays Today
Object Series % Correct
Commander Spock???
98.1%
Ensign Chekov???
90.5%
Earth???
90%
Transporter Room 3???
88.8%
Endor???
87.6%
Admiral Ackbar???
87.6%
Farpoint???
85.8%
Phaser???
82.9%
Tribble???
82.7%
Corbomite???
79.9%
Object Series % Correct
Ceti Alpha V???
78.7%
All Terrain Armored Transport???
78.2%
Great Pit of Carkoon???
75.3%
Carbonite???
73.7%
Amanda Grayson???
72.2%
Yavin IV???
69.6%
Commander Cody???
63.3%
Delta Flyer???
58.8%
Admiral Forrest???
47.3%
Executor Class???
43.8%

You're not logged in!

Compare scores with friends on all Sporcle quizzes.
Join for Free
OR
Log In

You Might Also Like...

Show Comments

Extras

Top Quizzes Today


Score Distribution

Your Account Isn't Verified!

In order to create a playlist on Sporcle, you need to verify the email address you used during registration. Go to your Sporcle Settings to finish the process.

Report this User

Report this user for behavior that violates our Community Guidelines.

Details: